MANUAL OF PRACTICAL MEDICINE (Record no. 22867)

MARC details
000 -LEADER
fixed length control field 00389nam a22001697a 4500
003 - CONTROL NUMBER IDENTIFIER
control field SGT
020 ## - INTERNATIONAL STANDARD BOOK NUMBER
International Standard Book Number 9780352702380
082 ## - DEWEY DECIMAL CLASSIFICATION NUMBER
Classification number 616
Item number M18A
100 ## - MAIN ENTRY--PERSONAL NAME
Personal name ALAGAPPAN , R.
245 ## - TITLE STATEMENT
Title MANUAL OF PRACTICAL MEDICINE
250 ## - EDITION STATEMENT
Edition statement 6TH
260 ## - PUBLICATION, DISTRIBUTION, ETC. (IMPRINT)
Place of publication, distribution, etc NEW DELHI
Name of publisher, distributor, etc JAYPEE PUB.
Year of Publication 2018
300 ## - PAGE DESCRIPTION
No. of Pages 1018
650 ## - SUBJECT ADDED ENTRY--TOPICAL TERM
Topical term or geographic name as entry element MEDICINE
653 ## - KEYWORDS--INDEX TERM
Keyword term MANUAL, PRACTICAL, MEDICINE
942 ## - ADDED ENTRY ELEMENTS (KOHA)
Source of classification or shelving scheme Dewey Decimal Classification
Koha item type Books
942 ## - ADDED ENTRY ELEMENTS (KOHA)
-- 23
Holdings
Withdrawn status Lost status Source of classification or shelving scheme Damaged status Not for loan Collection code Home library Current library Shelving location Date acquired Vendor Name Cost, normal purchase price SGTU Bill Number Total Checkouts Full call number Accession No. (Barcode) Date last seen Date last borrowed Bill Date Koha item type
    Dewey Decimal Classification     AYURVEDA SGT FA-FP Library SGT FA-FP Library Text Book 20/06/2022 AHUJA PUBLICATION 1495.00 SGTU 14473 17 616 M18A FA11337 15/04/2026 01/04/2026 19/05/2022 Books
    Dewey Decimal Classification     AYURVEDA SGT FA-FP Library SGT FA-FP Library Text Book 20/06/2022 AHUJA PUBLICATION 1495.00 SGTU 14473 11 616 M18A FA11338 25/02/2026 25/02/2026 19/05/2022 Books